| 000 | 00651nam a2200181 i 4500 | ||
|---|---|---|---|
| 001 | 141766 | ||
| 003 | ES-MaACL | ||
| 005 | 20230906200349.0 | ||
| 007 | t| | ||
| 008 | 070927s1952 sp ||||1| spa d | ||
| 100 | 1 |
_aWaelhens, Alphonse de. _9115822 |
|
| 245 | 1 | 3 |
_aLa filosofía de Martin Heidegger / _cpor A. de Waelhens. |
| 250 |
_a2ª ed. _bcon nueva nota preliminar sobre "Los últimos escritos de Heidegger" por el traductor Ramón Ceñal. |
||
| 260 |
_aMadrid : _bConsejo Superior de Investigaciones Científicas, _c1952. |
||
| 300 |
_aLXXIII, 390 p. ; _c25 cm. |
||
| 700 | 1 |
_aCeñal, Ramón. _937424 |
|
| 852 |
_aES-MaACL _jC-5697 _bR.34751 |
||
| 999 |
_c141766 _d141766 |
||